Firma z inkubátora

Vznik softvérovej spoločnosti Innovatrics. Obchod s programom na rozoznávanie odtlačkov prstov. Sídlo firmy v univerzitnom inkubátore Slovenskej technickej univerzity. Začiatky podnikania vo Francúzsku. Úspechy na medzinárodných súťažiach. Významní zákazníci novej spoločnosti. Široké využitie biomet...

Descrizione completa

Salvato in:
Dettagli Bibliografici
Autore principale: Ryník, Jozef
Natura: Capitolo di libro
Lingua:slovacco
Soggetti:
Tags: Aggiungi Tag
Nessun Tag, puoi essere il primo ad aggiungerne!!

MARC

LEADER 00000naa$a2200000$$$4500
001 0045637
005 20231009071439.5
041 0 |a slo 
044 |a SK 
245 1 0 |a Firma z inkubátora  |c Jozef Ryník 
520 |a Vznik softvérovej spoločnosti Innovatrics. Obchod s programom na rozoznávanie odtlačkov prstov. Sídlo firmy v univerzitnom inkubátore Slovenskej technickej univerzity. Začiatky podnikania vo Francúzsku. Úspechy na medzinárodných súťažiach. Významní zákazníci novej spoločnosti. Široké využitie biometrie. Konkurencia čipovým kartám. 
610 2 0 |a technológie informačné 
610 2 0 |a softvér 
610 2 0 |a podnikanie 
610 2 0 |a podnikatelia 
610 2 0 |a inkubátory podnikateľské 
610 2 0 |a firmy 
610 2 0 |a obchod 
100 1 |a Ryník, Jozef